000 01003nam a22002537a 4500
005 20140107112158.0
010 _aB-497840-849 ENG-109034
020 _a9788181820631
_c3600.00
035 _aB-497840-849
037 _bStar Pub/Ven
037 _aDBAD/PUB
082 _a623.1095415022
100 _aBande, Usha
245 _aForts and Palaces of Himachal Pradesh /
_cby Usha Bande [and] Him Chatterjee
260 _aJaipur
_bLiterary Circle
_c2011
270 _aC-12/13, First Floor, Opp.Khandelwal Girls College, S.C.Road,
_bJaipur
_e302001
300 _a178, [1] p.
_bill. (chiefly col.), col. maps
_c29cm(Hb)
500 _a Includes bibliographical references (p. [179]).
650 _a Fortification
_zIndia
_z Himachal Pradesh.
650 _aPalaces
_zIndia
_zHimachal Pradesh.
700 _dChatterjee, Him
942 _2ddc
_cEN
_mBAN
_h623.1095415022
999 _c74200
_d74200